Revista.
| Corporate Authors: | , |
|---|---|
| Format: | Serial |
| Language: | Spanish English French Italian |
| Published: |
Mexico, D.F.,
[publisher not identified] ;
[1939-]
|
| Subjects: | |
| Online Availability: |
|
MARC
| Tag | First Indicator | Second Indicator | Subfields |
|---|---|---|---|
| LEADER | 00000cas a2200000 4500 | ||
| 001 | in00000307146 | ||
| 005 | 20151010143606.0 | ||
| 008 | 751101c19399999mx ar 0uu1b0spae | ||
| 010 | |a 44033611 | ||
| 022 | |a 0370-7415 | ||
| 030 | |a RSMNA6 | ||
| 035 | |a (OCoLC)01765737 | ||
| 035 | |9 ABH5566AM | ||
| 040 | |a DLC |c MUL |d COO |d FUG |d m.c. |d RCS |d AIP |d TXA |d UtOrBLW | ||
| 041 | 0 | |a spa |a eng |a fre |a ita | |
| 043 | |a n-mx--- | ||
| 049 | |a TXAE [Also in] [micro] [film] [S] [661] | ||
| 050 | 0 | 0 | |a QH7 |b .S6614 |
| 060 | 0 | 0 | |a W1 RE414U |
| 069 | 1 | |a R40520000 | |
| 082 | 0 | |a 570.6272 | |
| 110 | 2 | |a Sociedad Mexicana de Historia Natural (Founded 1936) | |
| 210 | 0 | |a Rev. Soc. Mex. Hist. Nat. | |
| 222 | 0 | |a Revista de la Sociedad Mexicana de Historia Natural | |
| 245 | 1 | 0 | |a Revista. |
| 264 | 1 | |a Mexico, D.F., |b [publisher not identified] ; |c [1939-] | |
| 300 | |a volumes : |b illustrations ; |c 24 cm. | ||
| 336 | |a text |b txt |2 rdacontent | ||
| 337 | |a unmediated |b n |2 rdamedia | ||
| 338 | |a volume |b nc |2 rdacarrier | ||
| 362 | 0 | |a t. 1- nov. 1939- | |
| 500 | |a "Con la cooperacion de la Universidad nacional autonomo de Mexico," 1943- | ||
| 500 | |a Some issues also on 35 mm. microfilm. | ||
| 650 | 0 | |a Natural history |x Societies, etc. | |
| 650 | 0 | |a Natural history |z Mexico. | |
| 710 | 2 | |a Universidad Nacional Autónoma de México. | |
| 999 | |a MARS | ||
| 999 | f | f | |s 823d7895-ab24-3868-932e-553c6b7d7c4c |i 016e1950-0c2e-3909-9b92-83e0359d21e6 |t 0 |
| 952 | f | f | |p ric |a Texas A&M University |b Rellis Campus |c Joint Library Facility |d Remote Storage |t 0 |e QH7 .S6614 |h Library of Congress classification |i unmediated -- volume |k t.4-5 |l 1943-1944 |m A14851176777 |
| 952 | f | f | |p ric |a Texas A&M University |b Rellis Campus |c Joint Library Facility |d Remote Storage |t 0 |e QH7 .S6614 |h Library of Congress classification |i unmediated -- volume |k t.21-22 |l 1960-1961 |m A14841225307 |
| 952 | f | f | |p ric |a Texas A&M University |b Rellis Campus |c Joint Library Facility |d Remote Storage |t 0 |e QH7 .S6614 |h Library of Congress classification |i unmediated -- volume |k t.18-20 |l 1957-1959 |m A14851176793 |
| 952 | f | f | |p ric |a Texas A&M University |b Rellis Campus |c Joint Library Facility |d Remote Storage |t 0 |e QH7 .S6614 |h Library of Congress classification |i unmediated -- volume |k t.2-3 |l 1941-1942 |m A14851176900 |
| 952 | f | f | |p ric |a Texas A&M University |b Rellis Campus |c Joint Library Facility |d Remote Storage |t 0 |e QH7 .S6614 |h Library of Congress classification |i unmediated -- volume |k t.15-17 |l 1954-1956 |m A14824107415 |
| 952 | f | f | |p ric |a Texas A&M University |b Rellis Campus |c Joint Library Facility |d Remote Storage |t 0 |e QH7 .S6614 |h Library of Congress classification |i unmediated -- volume |k t.1 |l 1939/1940 |m A14851176892 |
| 952 | f | f | |p ric |a Texas A&M University |b Rellis Campus |c Joint Library Facility |d Remote Storage |t 0 |e QH7 .S6614 |h Library of Congress classification |i unmediated -- volume |k t.9-10 |l 1948-1949 |m A14851176785 |
| 952 | f | f | |p ric |a Texas A&M University |b Rellis Campus |c Joint Library Facility |d Remote Storage |t 0 |e QH7 .S6614 |h Library of Congress classification |i unmediated -- volume |k t.13-14 |l 1952-1953 |m A14851176926 |
| 952 | f | f | |p default |a Texas A&M University |b College Station |c Sterling C. Evans Library |d Evans: Microforms Film (3rd floor) |t 0 |e QH7 .S6614 |h Library of Congress classification |i unmediated -- volume |
| 952 | f | f | |p ric |a Texas A&M University |b Rellis Campus |c Joint Library Facility |d Remote Storage |t 0 |e QH7 .S6614 |h Library of Congress classification |i unmediated -- volume |k t.24 |l 1963 |m A14851176660 |
| 952 | f | f | |p ric |a Texas A&M University |b Rellis Campus |c Joint Library Facility |d Remote Storage |t 0 |e QH7 .S6614 |h Library of Congress classification |i unmediated -- volume |k t.6-8 |l 1945-1947 |m A14851176918 |
| 952 | f | f | |p ric |a Texas A&M University |b Rellis Campus |c Joint Library Facility |d Remote Storage |t 0 |e QH7 .S6614 |h Library of Congress classification |i unmediated -- volume |k t.11-12 |l 1950-1951 |m A14851176652 |
| 998 | f | f | |a QH7 .S6614 |s t.24 (1963) |t 0 |l Remote Storage |
| 998 | f | f | |a QH7 .S6614 |s t.1-27 (1939-1966) |t 0 |l Evans: Microforms Film (3rd floor) |